Fr. Conceicao Rodrigues College of Engineering

People & Places (Record no. 34624)

MARC details
000 -LEADER
fixed length control field 00234nam a2200121Ia 4500
100 ## - MAIN ENTRY--PERSONAL NAME
Personal name World Book Inc.
245 ## - TITLE STATEMENT
Title People & Places
260 ## - PUBLICATION, DISTRIBUTION, ETC.
Name of publisher, distributor, etc. #N/A
Date of publication, distribution, etc. 1990
300 ## - PHYSICAL DESCRIPTION
Extent 149
546 ## - LANGUAGE NOTE
Language note ENGLISH
650 ## - SUBJECT ADDED ENTRY--TOPICAL TERM
Topical term or geographic name entry element General
942 ## - ADDED ENTRY ELEMENTS (KOHA)
Koha item type BOOK
Holdings
Withdrawn status Lost status Damaged status Not for loan Collection Home library Current library Date acquired Total Checkouts Full call number Barcode Date last seen Price effective from Koha item type
        AFT Fr. Agnel's C.Rodrigues College of Engineering Fr. Agnel's C.Rodrigues College of Engineering 17/03/2023   AFT8136 17/03/2023   BOOK